000
00280nam a2200121Ia 4500
005
20251222154329.0
008
251222s9999||||xx |||||||||||||| ||spa||
020
_a
84-206-0152-7
082
_a
868.56/P45U
100
_a
"Perez Galdós, Benito"
245
0
_a
El audaz
942
_c
LIB
999
_c
34082
_d
34082